| 000 | 00582nam a22001937a 4500 | ||
|---|---|---|---|
| 005 | 20140320121756.0 | ||
| 010 | _aENG-109183 | ||
| 020 |
_a9788128015120 _c195.00 |
||
| 035 | _aEN-92716 | ||
| 037 | _bDBAD/PUB | ||
| 082 | _a004.076 | ||
| 100 | _aRaveesh Mayya K. | ||
| 245 |
_aKryptonite : _cby Raveesh Mayya K. _bthe IT quiz book / |
||
| 250 | _a2nd rev. and enl. ed | ||
| 260 |
_bSapna Book House _c2012 _aBangalore |
||
| 270 |
_bBangalore _e560009 _a3rd Main Road, Gandhinagar |
||
| 300 |
_a278p. : _c24cm(pbk) _bill. |
||
| 942 |
_2ddc _cEN _mRAV _h004.076 |
||
| 999 |
_c82192 _d82192 |
||